000 00549nam a2200193Ia 4500
005 20250923150108.0
008 008 250917s9999 xx 000 0 eng d
037 _aTextual
040 _aDSWL
_beng
_cDSWL
041 _aeng
_2eng
084 _aYX;5-Bx2, PO1
_qDSWL
245 0 _aSocial and economic security in India
_cEd. by S Mahendra Dev
260 _aNew Delhi
_b Ins. for human Development
_c2001
300 _a523p.
365 _aINR
_b750
925 _g750
942 _cTEXL
_hYX;5-Bx2, PO1
999 _c1459501
_d1459501